000 00334 a2200157 4500
001 68110
020 _a9783126069809
040 _cAnchieta - Pituba
100 _aWidlock, Beate
240 1 0 _aDaF für Kinder
_ldeu / ger
245 1 0 _aDaF für Kinder
300 _a200
362 0 _a2015
650 4 _aLíngua alemã
942 _cBK
999 _c68110
_d68110